00217nam a22000857a 4500008004100000100002300041245003200064260002600096300000900122230623b |||||||| |||| 00| 0 eng d aMayadhar, Mansinha aHistory of oriya literature bSahity Akedmi,c1962. a282p